Municipios de Aragón (con un mapa) - Estadísticas

Estadísticas generales
  • Esta prueba ha sido intentada 955 veces
    855 desde el último reinicio
  • La puntuación promedio es 101 de 731
Respuestas en el mapa
Las respuestas están codificadas por una escala verde-roja en el mapa de la prueba según el % correcto abajo.
 
Estadísticas de respuestas
Respuesta % Correcto
Zaragoza
96%
Teruel
91%
Huesca
90%
Jaca
78%
Calatayud
67%
Barbastro
61%
Alcañiz
59%
Utebo
56%
Alba
55%
Fraga
53%
Tarazona
53%
Ejea de los Caballeros
51%
Monzón
51%
Sabiñánigo
51%
Albarracín
49%
Andorra
49%
Caspe
46%
Villanueva de Gállego
42%
Villanueva de Huerva
42%
Villanueva de Jiloca
42%
Villanueva del Rebollar de la Sierra
42%
Villanueva de Sigena
42%
Borja
41%
Calamocha
41%
Benasque
40%
Canfranc
40%
Cuarte de Huerva
40%
Puebla de Alfindén (La)
40%
Puebla de Castro (La)
40%
Puebla de Híjar (La)
40%
Puebla de Valverde (La)
40%
Almunia de Doña Godina (La)
39%
Belchite
38%
Sos del Rey Católico
38%
Daroca
37%
Alagón
36%
Binéfar
36%
Zuera
36%
Biescas
34%
Cariñena
34%
Fuentes Calientes
34%
Fuentes Claras
34%
Fuentes de Ebro
34%
Fuentes de Jiloca
34%
Fuentes de Rubielos
34%
Graus
33%
Tauste
33%
Torre de Arcas
33%
Torre de las Arcas
33%
Torre del Compte
33%
Torre la Ribera
33%
Torre los Negros
33%
Biel
32%
Calanda
32%
María de Huerva
32%
Panticosa
32%
Boltaña
31%
Mora de Rubielos
31%
Rubielos de la Cérida
31%
Rubielos de Mora
31%
Mequinenza
30%
Muela (La)
29%
Bielsa
28%
Monreal de Ariza
28%
Monreal del Campo
28%
Calaceite
27%
Castejón de Alarba
27%
Castejón de las Armas
27%
Castejón del Puente
27%
Castejón de Monegros
27%
Castejón de Sos
27%
Castejón de Tornos
27%
Castejón de Valdejasa
27%
Sallent de Gállego
27%
Villar del Cobo
27%
Villar de los Navarros
27%
Villar del Salz
27%
Ansó
26%
Broto
26%
Sariñena
26%
Alcalá de Ebro
25%
Alcalá de Gurrea
25%
Alcalá de la Selva
25%
Alcalá del Obispo
25%
Alcalá de Moncayo
25%
Alfajarín
25%
Almudévar
25%
Épila
25%
Gallur
25%
Híjar
25%
Mallén
25%
Muel
25%
Quinto
25%
Utrillas
25%
Alquézar
24%
Beceite
24%
Pina de Ebro
24%
Valderrobres
24%
Albalate de Cinca
23%
Albalate del Arzobispo
23%
Arén
23%
Bujaraloz
23%
Cadrete
23%
Loarre
23%
Villanúa
23%
Alcorisa
22%
Illueca
22%
Pedrola
22%
Uncastillo
22%
Ariza
21%
Ayerbe
21%
Burgo de Ebro (El)
21%
Campo
21%
Fuendetodos
21%
Luceni
21%
Maella
21%
Pinseque
21%
Sádaba
21%
Tardienta
21%
Ateca
20%
Calatorao
20%
Cantavieja
20%
Fiscal
20%
Magallón
20%
Montalbán
20%
Puente de Montañana
20%
Puente la Reina de Jaca
20%
Valle de Bardají
20%
Valle de Hecho
20%
Valle de Lierp
20%
Botorrita
19%
Cella
19%
Figueruelas
19%
Gallocanta
19%
Luna
19%
Nonaspe
19%
Plan
19%
Sástago
19%
Tamarite de Litera
19%
Torres de Albarracín
19%
Torres de Alcanadre
19%
Torres de Barbués
19%
Torres de Berrellén
19%
Boquiñeni
18%
Codo
18%
Gurrea de Gállego
18%
Leciñena
18%
Morata de Jalón
18%
Morata de Jiloca
18%
Ricla
18%
Santa Eulalia
18%
Santa Eulalia de Gállego
18%
Sarrión
18%
Valdelinares
18%
Villafranca de Ebro
18%
Villafranca del Campo
18%
Alhama de Aragón
17%
Almonacid de la Cuba
17%
Almonacid de la Sierra
17%
Azuara
17%
Benabarre
17%
Escatrón
17%
Escucha
17%
Fonz
17%
Letux
17%
Sabiñán
17%
San Martín de la Virgen de Moncayo
17%
San Martín del Río
17%
San Mateo de Gállego
17%
Aínsa-Sobrarbe
16%
Aísa
16%
Castellote
16%
Grañén
16%
Griegos
16%
Lécera
16%
Muniesa
16%
Puebla de Albortón
16%
Santa Cruz de Grío
16%
Santa Cruz de la Serós
16%
Santa Cruz de Moncayo
16%
Santa Cruz de Nogueras
16%
Velilla de Cinca
16%
Velilla de Ebro
16%
Velilla de Jiloca
16%
Ainzón
15%
Brea de Aragón
15%
Bronchales
15%
Caminreal
15%
Cretas
15%
Fabara
15%
Fago
15%
Fayón
15%
Libros
15%
Longares
15%
Mas de las Matas
15%
Murillo de Gállego
15%
Ojos Negros
15%
Torla-Ordesa
15%
Villamayor de Gállego
15%
Zaida (La)
15%
Aguaviva
14%
Alfamén
14%
Aliaga
14%
Almolda (La)
14%
Azaila
14%
Bello
14%
Biota
14%
Castiello de Jaca
14%
Farlete
14%
Fresneda (La)
14%
Grisén
14%
Herrera de los Navarros
14%
Luesia
14%
Novallas
14%
Nuez de Ebro
14%
Orihuela del Tremedal
14%
Paniza
14%
Pueyo de Araguás (El)
14%
Pueyo de Santa Cruz
14%
Remolinos
14%
Samper de Calanda
14%
Samper del Salz
14%
Sobradiel
14%
Torrecilla de Alcañiz
14%
Torrecilla del Rebollar
14%
Urrea de Gaén
14%
Urrea de Jalón
14%
Villel
14%
Alfambra
13%
Anento
13%
Báguena
13%
Burbáguena
13%
Cabañas de Ebro
13%
Candasnos
13%
Ejulve
13%
Erla
13%
Fanlo
13%
Gelsa
13%
Gúdar
13%
Joyosa (La)
13%
Laspaúles
13%
Lumpiaque
13%
Monegrillo
13%
Mosqueruela
13%
Novillas
13%
Nuévalos
13%
Pastriz
13%
San Juan de Plan
13%
Torralba de Aragón
13%
Torralba de los Frailes
13%
Torralba de los Sisones
13%
Torralba de Ribota
13%
Torrente de Cinca
13%
Trasmoz
13%
Vera de Moncayo
13%
Ababuj
12%
Abejuela
12%
Aguarón
12%
Alacón
12%
Altorricón
12%
Binaced
12%
Bulbuente
12%
Codos
12%
Cuevas de Almudén
12%
Cuevas Labradas
12%
Estadilla
12%
Estercuel
12%
Fuendejalón
12%
Gistaín
12%
Grado (El)
12%
Hoz de Jaca
12%
Hoz y Costeán
12%
Iglesuela del Cid (La)
12%
Jasa
12%
Lanaja
12%
Maluenda
12%
Mediana de Aragón
12%
Mirambel
12%
Molinos
12%
Monroyo
12%
Nueno
12%
Oliete
12%
Ontiñena
12%
Osera de Ebro
12%
Palo
12%
Paracuellos de Jiloca
12%
Paracuellos de la Ribera
12%
Peñalba
12%
Peñarroya de Tastavins
12%
Perdiguera
12%
Siétamo
12%
Used
12%
Zaidín
12%
Abanto
11%
Adahuesca
11%
Agüero
11%
Alcolea de Cinca
11%
Allepuz
11%
Ambel
11%
Arguis
11%
Ariño
11%
Artieda
11%
Asín
11%
Castelserás
11%
Cetina
11%
Chiprana
11%
Contamina
11%
Cosuenda
11%
Frasno (El)
11%
Frías de Albarracín
11%
Fueva (La)
11%
Gea de Albarracín
11%
Jaraba
11%
Jaulín
11%
Linares de Mora
11%
Lituénigo
11%
Mazaleón
11%
Morés
11%
Pozuel de Ariza
11%
Pozuel del Campo
11%
Ráfales
11%
Salillas
11%
Salillas de Jalón
11%
San Agustín
11%
Tierz
11%
Tobed
11%
Tornos
11%
Tramacastilla
11%
Valdealgorfa
11%
Valmadrid
11%
Vinaceite
11%
Abiego
10%
Abizanda
10%
Albalatillo
10%
Albentosa
10%
Alcampell
10%
Alcubierre
10%
Alloza
10%
Angüés
10%
Aniñón
10%
Aragüés del Puerto
10%
Bailo
10%
Ballobar
10%
Belver de Cinca
10%
Berge
10%
Caldearenas
10%
Castiliscar
10%
Cosa
10%
Cubel
10%
Esplús
10%
Estada
10%
Frago (El)
10%
Fuentespalda
10%
Gargallo
10%
Gotor
10%
Grisel
10%
Lagata
10%
Lalueza
10%
Laspuña
10%
Litago
10%
Lledó
10%
Loscos
10%
Mainar
10%
Maleján
10%
Manzanera
10%
Montanuy
10%
Monterde
10%
Mozota
10%
Odón
10%
Olba
10%
Peralta de Alcofea
10%
Peralta de Calasanz
10%
Plasencia de Jalón
10%
Pradilla de Ebro
10%
Puertomingalvo
10%
Robres
10%
Romanos
10%
Salvatierra de Esca
10%
Santa Cilia
10%
Sesué
10%
Sierra de Luna
10%
Sigüés
10%
Terrer
10%
Torrellas
10%
Tronchón
10%
Valjunquera
10%
Villarluengo
10%
Villarquemado
10%
Yebra de Basa
10%
Agón
9%
Aguilón
9%
Albelda
9%
Alcaine
9%
Alpartir
9%
Añón de Moncayo
9%
Arándiga
9%
Arcos de las Salinas
9%
Atea
9%
Bárboles
9%
Bardallur
9%
Bea
9%
Belmonte de Gracián
9%
Belmonte de San José
9%
Berbegal
9%
Bierge
9%
Biscarrués
9%
Bonansa
9%
Borau
9%
Bureta
9%
Calcena
9%
Camarena de la Sierra
9%
Camarillas
9%
Cañada de Benatanduz
9%
Cañada Vellida
9%
Castel de Cabra
9%
Cedrillas
9%
Cerollera (La)
9%
Codoñera (La)
9%
Cortes de Aragón
9%
Cuba (La)
9%
Cucalón
9%
Fayos (Los)
9%
Fortanete
9%
Ginebrosa (La)
9%
Guadalaviar
9%
Hoz de la Vieja (La)
9%
Ibdes
9%
Isábena
9%
Longás
9%
Lucena de Jalón
9%
Martín del Río
9%
Mezalocha
9%
Moros
9%
Olmos (Los)
9%
Parras de Castellote (Las)
9%
Peracense
9%
Pitarque
9%
Rueda de Jalón
9%
Sahún
9%
Sena
9%
Tabuenca
9%
Torrelapaja
9%
Torrijo de la Cañada
9%
Torrijo del Campo
9%
Tosos
9%
Trasobares
9%
Villafeliche
9%
Villastar
9%
Yésero
9%
Acered
8%
Aguatón
8%
Alarba
8%
Albeta
8%
Alerre
8%
Ardisa
8%
Arens de Lledó
8%
Bagüés
8%
Banastás
8%
Bijuesca
8%
Bisaurri
8%
Blancas
8%
Blesa
8%
Bueña
8%
Buste (El)
8%
Canal de Berdún
8%
Capella
8%
Castelnou
8%
Chía
8%
Chimillas
8%
Chodes
8%
Crivillén
8%
Embid de Ariza
8%
Encinacorba
8%
Fonfría
8%
Fórnoles
8%
Foz-Calanda
8%
Fréscano
8%
Galve
8%
Huerto
8%
Jatiel
8%
Josa
8%
Labuerda
8%
Lascuarre
8%
Layana
8%
Manchones
8%
Mara
8%
Marracos
8%
Moneva
8%
Moyuela
8%
Munébrega
8%
Naval
8%
Nogueruelas
8%
Orés
8%
Osso de Cinca
8%
Pancrudo
8%
Pedrosas (Las)
8%
Pobo (El)
8%
Portellada (La)
8%
Seira
8%
Seno
8%
Sestrica
8%
Sopeira
8%
Talamantes
8%
Tierga
8%
Torrevelilla
8%
Torrijas
8%
Undués de Lerda
8%
Urriés
8%
Valdeltormo
8%
Valpalmas
8%
Vencillón
8%
Villanova
8%
Villarreal de Huerva
8%
Villarroya de la Sierra
8%
Villarroya del Campo
8%
Villarroya de los Pinares
8%
Zoma (La)
8%
Aladrén
7%
Alborge
7%
Alforque
7%
Allueva
7%
Almochuel
7%
Almunia de San Juan
7%
Antillón
7%
Aranda de Moncayo
7%
Azara
7%
Azlor
7%
Badules
7%
Bañón
7%
Bárcabo
7%
Barrachina
7%
Beranuy
7%
Berdejo
7%
Berrueco
7%
Bezas
7%
Bisimbre
7%
Bordalba
7%
Bordón
7%
Cabra de Mora
7%
Calmarza
7%
Calomarde
7%
Campillo de Aragón
7%
Camporrells
7%
Carenas
7%
Casbas de Huesca
7%
Castelflorite
7%
Castellar (El)
7%
Castillonroy
7%
Cerveruela
7%
Chalamera
7%
Cimballa
7%
Cinco Olivas
7%
Colungo
7%
Corbalán
7%
Cubla
7%
Cuerlas (Las)
7%
Cuervo (El)
7%
Escorihuela
7%
Estopiñán del Castillo
7%
Ferreruela de Huerva
7%
Formiche Alto
7%
Fuenferrada
7%
Godojos
7%
Hinojosa de Jarque
7%
Ilche
7%
Isuerre
7%
Jabaloyas
7%
Jarque de la Val
7%
Jarque de Moncayo
7%
Laluenga
7%
Langa del Castillo
7%
Lanzuela
7%
Laperdiguera
7%
Lechón
7%
Lobera de Onsella
7%
Loporzano
7%
Loscorrales
7%
Maicas
7%
Malanquilla
7%
Malón
7%
Mezquita de Jarque
7%
Moscardón
7%
Navardún
7%
Nigüella
7%
Nombrevilla
7%
Obón
7%
Olvena
7%
Orrios
7%
Oseja
7%
Peñas de Riglos (Las)
7%
Piedratajada
7%
Pleitas
7%
Plou
7%
Pozuelo de Aragón
7%
Puendeluna
7%
Puértolas
7%
Quicena
7%
Riodeva
7%
Ródenas
7%
Royuela
7%
Rubiales
7%
Salas Altas
7%
Salas Bajas
7%
Salcedillo
7%
Saldón
7%
San Esteban de Litera
7%
Santed
7%
Singra
7%
Sotonera (La)
7%
Tella-Sin
7%
Torrelacárcel
7%
Valbona
7%
Valfarta
7%
Vistabella
7%
Vivel del Río Martín
7%
Aguilar del Alfambra
6%
Alberite de San Juan
6%
Albero Alto
6%
Albero Bajo
6%
Alberuela de Tubo
6%
Alconchel de Ariza
6%
Aldehuela de Liestos
6%
Alfántega
6%
Almohaja
6%
Almuniente
6%
Alobras
6%
Alpeñés
6%
Anadón
6%
Argente
6%
Azanuy-Alins
6%
Bádenas
6%
Baells
6%
Balconchán
6%
Baldellou
6%
Bubierca
6%
Camañas
6%
Cañada de Verich (La)
6%
Cañizar del Olivar
6%
Capdesaso
6%
Cascante del Río
6%
Castigaleu
6%
Castillazuelo
6%
Cervera de la Cañada
6%
Foradada del Toscar
6%
Huesa del Común
6%
Ibieca
6%
Igriés
6%
Jorcas
6%
Lagueruela
6%
Lascellas-Ponzano
6%
Lidón
6%
Luesma
6%
Lupiñén-Ortilla
6%
Mesones de Isuela
6%
Mianos
6%
Miedes de Aragón
6%
Miravete de la Sierra
6%
Monesma y Cajigar
6%
Monflorite-Lascasas
6%
Monteagudo del Castillo
6%
Montón
6%
Murero
6%
Noguera de Albarracín
6%
Nogueras
6%
Orcajo
6%
Palomar de Arroyos
6%
Perales del Alfambra
6%
Peraltilla
6%
Perarrúa
6%
Pertusa
6%
Pintanos (Los)
6%
Plenas
6%
Poleñino
6%
Pozondón
6%
Purujosa
6%
Retascón
6%
Rillo
6%
Ruesca
6%
San Miguel del Cinca
6%
Santaliestra y San Quílez
6%
Santa María de Dulcis
6%
Secastilla
6%
Segura de los Baños
6%
Sesa
6%
Sisamón
6%
Terriente
6%
Tolva
6%
Tormón
6%
Torremocha de Jiloca
6%
Valacloche
6%
Vallecillo (El)
6%
Vierlas
6%
Villadoz
6%
Visiedo
6%
Argavieso
5%
Barbués
5%
Barbuñales
5%
Blecua y Torres
5%
Cabolafuente
5%
Celadas
5%
Clarés de Ribota
5%
Fombuena
5%
Monforte de Moyuela
5%
Novales
5%
Olvés
5%
Orera
5%
Peralejos
5%
Pomer
5%
Pozán de Vero
5%
Sangarrén
5%
Sediles
5%
Senés de Alcubierre
5%
Toril y Masegoso
5%
Torralbilla
5%
Torrehermosa
5%
Tramacastiel
5%
Tramaced
5%
Valdecuenca
5%
Val de San Martín
5%
Veguillas de la Sierra
5%
Viacamp y Litera
5%
Vicién
5%
Villahermosa del Campo
5%
Villalengua
5%
Monterde de Albarracín
4%
Piracés
4%
Valdehorna
4%
Valtorres
4%
Villalba de Perejil
4%
Mata de los Olmos (La)
3%
Viñuela (La)
2%
No se encontraron pruebas coincidentes
Distribución de puntuación
Porcentaje de gente con cada puntuación
Porcentaje por número respondido
Historial de tus puntuaciones
No has intentado esta prueba desde el último reinicio